Famous Orthodox Christians - Statistics

General Stats
  • This quiz has been taken 212 times
  • The average score is 7 of 20
Answer Stats
Clue Answer % Correct
He is known as Dracula Vlad the Impaler
69%
Forrest Gump Tom Hanks
64%
The first President of the Russian Federation Boris Yeltsin
60%
Only male tennis No. 1
player from Serbia
Novak Djoković
56%
"No Woman No Cry" singer Bob Marley
54%
Swan Lake composer Pyotr Ilyich Tchaikovsky
52%
Crime and Punishment author Fyodor Dostoyevsky
48%
Designer of the modern alternating current
(AC) electricity supply system
Nikola Tesla
48%
Emperor of Ethiopia (1930 - 1974) Haile Selassie
37%
Sculptor and architect of the
Spanish Renaissance of Greek descent
El Greco
31%
Creator of Periodic table of elements Dmitri Mendeleev
28%
The first gymnast in Olympic history
to be awarded the perfect score of 10.0
Nadia Comăneci
24%
US retired tennis player who
become No.1 in 1993
Pete Sampras
24%
Founder of The Blues Brothers John Belushi
22%
Eugene Onegin author Alexander Pushkin
21%
"Inventor" of classical conditioning Ivan Pavlov
19%
Governor of Illinois from 2003 to 2009 Rod Blagojevich
10%
Wife and muse of Salvador Dali Gala
9%
All-time leading NCAA Division I scorer Pete Maravich
8%
Alan Garner from The Hangover Zach Galifianakis
8%
No matching quizzes found
Score Distribution
Percent of People with Each Score
Percentile by Number Answered
Your Score History
You have not taken this quiz